|
|
|
|
| LEADER |
01037nam a2200265 u 4500 |
| 001 |
10008872 |
| 003 |
GR-PaULI |
| 005 |
20230612144317.0 |
| 008 |
881025s1913 gw grc |
| 952 |
|
|
|0 0
|1 0
|2 ddc
|3 τ.3
|4 0
|6 887_010000000000000_ΛΟΥ
|7 0
|9 328193
|a LISP
|b LISP
|c ADM
|d 2021-09-06
|e ΚΑΛ
|i 13211
|l 0
|o 887.01 ΛΟΥ
|p 025000286248
|r 2021-09-06 00:00:00
|t 1
|w 2021-09-06
|y BKN
|
| 999 |
|
|
|c 183904
|d 183904
|
| 040 |
|
|
|a GR-PaULI
|c GR-PaULI
|b gre
|e AACR2
|
| 041 |
0 |
|
|a lat
|a grc
|
| 082 |
0 |
4 |
|a 887.01
|2 23
|
| 100 |
0 |
|
|a Λουκιανός ο Σαμοσατεύς,
|d π. 120-π. 190
|e συγγραφέας.
|9 34248
|
| 245 |
1 |
0 |
|a Luciani Samosatensis opera /
|c ex recognitione Caroli Jacobitz.
|
| 250 |
|
|
|a ed. stereotypa.
|
| 260 |
|
|
|a Lipsiae :
|b B. G. Teubneri,
|c 1913.
|
| 300 |
|
|
|a 3 τ. ;
|c 19 εκ.
|
| 500 |
|
|
|a -- τ. 3. - 516 σ. - 1913 --
|
| 504 |
|
|
|a
|
| 655 |
|
4 |
|a Σάτιρα, Ελληνική.
|
| 700 |
1 |
|
|a Jacobitz, Karl Gottfried,
|9 187314
|d 1807-1875.
|e επιμελητής.
|
| 942 |
|
|
|2 ddc
|c BKN
|
| 998 |
|
|
|c ΜΠΟΥΡΑΣ
|d 2021-09
|